Spoločensko-politická prax na VŠ

Bibliographic Details
Main Author: Višňovský, Emil, 1956- (Author)
Format: Article
Language:Slovak
Subjects:

MARC

LEADER 00000nab a2200000 a 4500
001 vtls000118028
003 SK-MaSNL
005 20260305023952.0
008 111104c1982 xo 0 slo
015 |a SNBRB19rr/mm-uuuuu 
035 |a CL0128133 
040 |a SNKBUCL  |b slo  |c SNKBUCL  |e AACR2 
041 0 |a slo 
044 |a xo  |c SK 
080 |a 329.78(437)SZM  |2 1981 
080 |a 1 100.55  |2 1981 
080 |a 378  |2 1981 
100 1 |a Višňovský, Emil,  |d 1956-  |4 aut  |9 108257 
245 1 0 |a Spoločensko-politická prax na VŠ  |c Emil Višňovský 
610 2 7 |a Socialistický zväz mládeže  |2 snkbucl  |9 51618 
650 0 7 |a výchova komunistická  |2 snkbucl  |9 554740 
650 0 7 |a vysoké školy  |2 snkbucl  |9 1277 
655 7 |a články z novín a časopisov  |2 snkbucl  |9 267496 
773 0 |t Smena  |g Roč. 35, č. 142 (17. 6. 1982), s. 4 
850 |a Slovenská národná knižnica v Martine  |a MTA001 
852 |a SNK  |b KIS3GCP 
958 |a RK 
992 |a RBX 
999 |c 3300113  |d 3302043